| Tag |
First Indicator |
Second Indicator |
Subfields |
| LEADER |
00000cem a2200000Ia 4500 |
| 001 |
in00002448607 |
| 005 |
20151111041958.0 |
| 007 |
ar canzn |
| 008 |
800917s1979 vaub cc a f 0 eng d |
| 034 |
1 |
|
|a a
|b 4336000
|d W3000000
|e W2400000
|f S0300000
|g N0650000
|
| 035 |
|
|
|a (OCoLC)ocm06722063
|
| 035 |
|
|
|a (OCoLC)6722063
|
| 040 |
|
|
|a GIS
|c GIS
|d OCL
|d UUM
|d NMT
|d OCL
|d COP
|d UPM
|d TXA
|d UtOrBLW
|
| 043 |
|
|
|a zma----
|
| 049 |
|
|
|a TXAM
|
| 050 |
1 |
4 |
|a G3701.C5 svar
|b .U45, I-1169
|
| 052 |
|
|
|a 3182
|b M3
|
| 074 |
|
|
|a 0619-G-08
|
| 086 |
0 |
|
|a I 19.91:I-1169
|
| 110 |
2 |
|
|a Geological Survey (U.S.)
|
| 245 |
1 |
0 |
|a Shaded relief map of the Hellas quadrangle of Mars :
|b MC-28, M 5M-48/270 R /
|c Department of the Interior, United States Geological Survey.
|
| 246 |
3 |
0 |
|a Hellas quadrangle of Mars
|
| 255 |
|
|
|a Scale 1:4,336,000 at -30⁰ latitude ;
|b Lambert conformal proj.
|c (W 300⁰--W 240⁰/S 30⁰--N 65⁰).
|
| 264 |
|
1 |
|a Reston, Va. :
|b The Survey,
|c 1979.
|
| 300 |
|
|
|a 1 remote-sensing map :
|b color ;
|c 48 x 69 cm., folded in envelope 30 x 24 cm.
|
| 336 |
|
|
|a cartographic image
|b cri
|2 rdacontent
|
| 337 |
|
|
|a unmediated
|b n
|2 rdamedia
|
| 338 |
|
|
|a sheet
|b nb
|2 rdacarrier
|
| 490 |
1 |
|
|a Miscellaneous investigations series ;
|v map I-1169
|
| 490 |
1 |
|
|a Atlas of Mars 1:5,000,000 topographic series
|
| 500 |
|
|
|a Relief shown by shading.
|
| 500 |
|
|
|a Photo map.
|
| 500 |
|
|
|a Includes quadrangle location maps, index maps, table, and text.
|
| 500 |
|
|
|a "Prepared for the National Aeronautics and Space Administration."
|
| 504 |
|
|
|a Includes bibliographical references.
|
| 500 |
|
|
|a Cartographic material.
|
| 651 |
|
0 |
|a Mars (Planet)
|v Remote-sensing maps.
|
| 710 |
1 |
|
|a United States.
|b National Aeronautics and Space Administration.
|
| 830 |
|
0 |
|a Miscellaneous investigations series (Geological Survey (U.S.)) ;
|v map I-1169.
|
| 810 |
2 |
|
|a Geological Survey (U.S.).
|t Atlas of Mars.
|p 1:5,000,000 topographic series.
|
| 994 |
|
|
|a C0
|b TXA
|
| 948 |
|
|
|a cataloged
|b h
|c 2009/07/10
|e rzeske
|f 09:14:56 am
|
| 999 |
|
|
|a MARS
|
| 999 |
f |
f |
|s f70e41f7-59de-35b1-b430-1c947b6f5621
|i 4083c223-43d5-379b-be41-708c7565af9f
|t 0
|
| 952 |
f |
f |
|p normal
|a Texas A&M University
|b College Station
|c Sterling C. Evans Library
|d Evans: Maps File (2nd floor)
|t 0
|e I 19.91:I-1169
|h Superintendent of Documents classification
|i unmediated -- sheet
|m A14837625422
|
| 998 |
f |
f |
|a I 19.91:I-1169
|t 0
|l Evans: Maps File (2nd floor)
|